000 00398nam a2200145Ia 4500
008 230312s9999||||xx |||||||||||||| ||und||
020 _a9780073523408
082 _a518.1
_bDAS-A
100 _aOmura,George
245 0 _aMastering Autocad 2016 and Autocad Lt Mastering AutoCAD and AutoCAD LT
260 _bMcgraw Hill
_c2008
300 _a320
650 _aEngineering
_vMathematics
942 _cBK
999 _c17312
_d17312